Red Hat Linux 9
This book introduce about installation de Red Hat Linux. Configuration postinstallation, premiers pas avec Linux, le système X Window...
Сохранить в:
| Главный автор: | |
|---|---|
| Формат: | |
| Язык: | Undetermined |
| Опубликовано: |
Paris
CampusPress
2003
|
| Предметы: | |
| Метки: |
Добавить метку
Нет меток, Требуется 1-ая метка записи!
|
| Thư viện lưu trữ: | Trung tâm Học liệu Trường Đại học Cần Thơ |
|---|
| LEADER | 00643nam a2200193Ia 4500 | ||
|---|---|---|---|
| 001 | CTU_232643 | ||
| 008 | 210402s9999 xx 000 0 und d | ||
| 082 | |a 005.432 | ||
| 082 | |b B187 | ||
| 100 | |a Ball, Bill | ||
| 245 | 0 | |a Red Hat Linux 9 | |
| 245 | 0 | |c Billy Ball, Hoyt Duff | |
| 260 | |a Paris | ||
| 260 | |b CampusPress | ||
| 260 | |c 2003 | ||
| 520 | |a This book introduce about installation de Red Hat Linux. Configuration postinstallation, premiers pas avec Linux, le système X Window... | ||
| 650 | |a Linux (tệp máy tính),Linux (Computer file) | ||
| 910 | |b dqhieu | ||
| 980 | |a Trung tâm Học liệu Trường Đại học Cần Thơ | ||